LIBRARY & INFORMATION CENTRE, KCAET, TAVANUR

ONLINE PUBLIC ACCESS CATALOGUE (OPAC)

Trignometry (Record no. 42)

MARC details
000 -LEADER
fixed length control field 00518cam a2200241ua 4500
041 ## - LANGUAGE CODE
Language code of text/sound track or separate title eng
082 ## - DEWEY DECIMAL CLASSIFICATION NUMBER
Classification number 516.24
Item number KUN/TR
100 ## - MAIN ENTRY--AUTHOR NAME
Personal name Kunji, Palo .
245 ## - TITLE STATEMENT
Title Trignometry
250 ## - EDITION STATEMENT
Edition statement 1 /
260 ## - PUBLICATION, DISTRIBUTION, ETC. (IMPRINT)
Place of publication Calicut :
Name of publisher University Book ,
Year of publication 1955.
300 ## - PHYSICAL DESCRIPTION
Number of Pages 238 ; .
650 ## - SUBJECT ADDED ENTRY--TOPICAL TERM
Topical Term Calculus
650 ## - SUBJECT ADDED ENTRY--TOPICAL TERM
Topical Term Geometry
650 ## - SUBJECT ADDED ENTRY--TOPICAL TERM
Topical Term Proportion
650 ## - SUBJECT ADDED ENTRY--TOPICAL TERM
Topical Term Ratio
650 ## - SUBJECT ADDED ENTRY--TOPICAL TERM
Topical Term Triangles
942 ## - ADDED ENTRY ELEMENTS (KOHA)
Koha item type Books
003 - CONTROL NUMBER IDENTIFIER
control field @
003 - CONTROL NUMBER IDENTIFIER
control field OSt
Holdings
Withdrawn status Lost status Damaged status Home library Current library Date acquired Full call number Accession Number Koha item type
Withdrawn     KAUAET KAUAET 07/04/2012 516.24 12534 Books
free website counter